Toutes les communes d'Île-de-France - Extrême - Statistiques

Statistiques générales
  • Ce quiz a été pris 718 fois
  • Le résultat moyen est 136 sur 1268
Réponses sur la Carte
Les réponses sont colorées sur une échelle allant du rouge au vert en fonction du pourcentage des utilisateurs qui les ont devinées à leur premier essai. Vous pouvez retrouver ces pourcentages ci-dessous.
 
Statistiques - réponses
Ville % Correct
Paris
90%
Saint-Denis
77%
Nanterre
67%
Versailles
67%
Créteil
65%
Boulogne-Billancourt
62%
Montreuil
61%
Aubervilliers
60%
Melun
59%
Neuilly-sur-Seine
58%
Vincennes
58%
Issy-les-Moulineaux
57%
Cergy
56%
Clichy
56%
Fontainebleau
56%
Bobigny
55%
Colombes
55%
Ivry-sur-Seine
55%
Meaux
55%
Orly
55%
Pontoise
55%
Saint-Ouen
55%
Antony
54%
Aulnay-sous-Bois
54%
Argenteuil
52%
Asnières-sur-Seine
52%
Levallois-Perret
51%
Massy
51%
Pantin
51%
Puteaux
51%
Sarcelles
51%
Villejuif
50%
Évry-Courcouronnes
48%
Les Lilas
48%
Montrouge
48%
Saint-Cloud
48%
Saint-Germain-en-Laye
48%
Sevran
48%
Vitry-sur-Seine
48%
Clamart
47%
Gennevilliers
47%
Noisy-le-Grand
47%
Noisy-le-Sec
47%
Rueil-Malmaison
47%
Bagneux
46%
Bondy
46%
Champigny-sur-Marne
46%
La Courneuve
46%
Malakoff
46%
Mantes-la-Jolie
46%
Palaiseau
46%
Vanves
46%
Arcueil
45%
Bagnolet
45%
Bois-Colombes
45%
Drancy
45%
Meudon
45%
Poissy
45%
Alfortville
44%
Courbevoie
44%
Maisons-Alfort
44%
Suresnes
44%
Cachan
42%
Épinay-sur-Seine
42%
Saint-Maur-des-Fossés
42%
Chelles
41%
Clichy-sous-Bois
41%
Étampes
41%
Fontenay-sous-Bois
41%
Romainville
41%
Rosny-sous-Bois
41%
Saint-Mandé
41%
Le Blanc-Mesnil
40%
Le Kremlin-Bicêtre
40%
Nogent-sur-Marne
40%
Rambouillet
40%
Sèvres
40%
Trappes
40%
Bourg-la-Reine
39%
L'Haÿ-les-Roses
39%
Neuilly-sur-Marne
39%
Rungis
39%
Sartrouville
39%
Torcy
39%
Villepinte
39%
Charenton-le-Pont
38%
Choisy-le-Roi
38%
Fresnes
38%
Grigny
38%
Tremblay-en-France
38%
Corbeil-Essonnes
37%
Houilles
37%
La Garenne-Colombes
37%
Sceaux
37%
Châtillon
36%
Gagny
36%
Le Bourget
36%
Stains
36%
Villetaneuse
36%
Fontenay-aux-Roses
35%
Garches
35%
Gentilly
35%
Joinville-le-Pont
35%
Le Plessis-Robinson
35%
Le Pré-Saint-Gervais
35%
L'Île-Saint-Denis
35%
Montfermeil
35%
Thiais
35%
Villemomble
35%
Villeneuve-la-Garenne
35%
Villeneuve-Saint-Georges
35%
Garges-lès-Gonesse
34%
Le Raincy
34%
Roissy-en-France
34%
Brétigny-sur-Orge
33%
Chatou
33%
Gonesse
33%
Livry-Gargan
33%
Neuilly-Plaisance
33%
Sucy-en-Brie
33%
Chaville
32%
Chessy
32%
Eaubonne
32%
Enghien-les-Bains
32%
Juvisy-sur-Orge
32%
Le Vésinet
32%
Provins
32%
Yerres
32%
Boissy-Saint-Léger
31%
Bry-sur-Marne
31%
Châtenay-Malabry
31%
Plaisir
31%
Athis-Mons
30%
Conflans-Sainte-Honorine
30%
Marnes-la-Coquette
30%
Montmorency
30%
Pontault-Combault
30%
Saint-Maurice
30%
Savigny-sur-Orge
30%
Vélizy-Villacoublay
30%
Achères
29%
Bezons
29%
Champs-sur-Marne
29%
Chevilly-Larue
29%
Gif-sur-Yvette
29%
Le Perreux-sur-Marne
29%
Les Mureaux
29%
Orsay
29%
Pierrefitte-sur-Seine
29%
Saclay
29%
Villiers-le-Bel
29%
Villiers-sur-Marne
29%
Viry-Châtillon
29%
Carrières-sur-Seine
28%
Ermont
28%
Goussainville
28%
Le Plessis-Trévise
28%
Ville-d'Avray
28%
Bussy-Saint-Georges
27%
Dugny
27%
Le Pecq
27%
Les Pavillons-sous-Bois
27%
Les Ulis
27%
Mantes-la-Ville
27%
Ris-Orangis
27%
Saint-Cyr-l'École
27%
Bonneuil-sur-Marne
26%
Coulommiers
26%
Dourdan
26%
Franconville
26%
Maisons-Laffitte
26%
Marly-le-Roi
26%
Montigny-le-Bretonneux
26%
Noisiel
26%
Roissy-en-Brie
26%
Saint-Rémy-lès-Chevreuse
26%
Vaucresson
26%
Vaujours
26%
Villeneuve-le-Roi
26%
Villeparisis
26%
Gournay-sur-Marne
25%
Guyancourt
25%
Lognes
25%
Longjumeau
25%
Mitry-Mory
25%
Sainte-Geneviève-des-Bois
25%
Saint-Michel-sur-Orge
25%
Saint-Ouen-l'Aumône
25%
Savigny-le-Temple
25%
Élancourt
24%
Herblay
24%
La Celle-Saint-Cloud
24%
Sannois
24%
Valenton
24%
Viroflay
24%
Brie-Comte-Robert
23%
Brunoy
23%
Chilly-Mazarin
23%
Coubron
23%
Jouy-en-Josas
23%
La Queue-en-Brie
23%
Limeil-Brévannes
23%
Saint-Gratien
23%
Arnouville
22%
Auvers-sur-Oise
22%
Bougival
22%
Bures-sur-Yvette
22%
Deuil-la-Barre
22%
Draveil
22%
Igny
22%
Nemours
22%
Persan
22%
Taverny
22%
Wissous
22%
Ablon-sur-Seine
21%
Arpajon
21%
Chennevières-sur-Marne
21%
Cormeilles-en-Parisis
21%
Lagny-sur-Marne
21%
Le Chesnay-Rocquencourt
21%
Bièvres
20%
Crécy-la-Chapelle
20%
Fleury-Mérogis
20%
L'Isle-Adam
20%
Louvres
20%
Montgeron
20%
Osny
20%
Saint-Brice
20%
Verrières-le-Buisson
20%
Vigneux-sur-Seine
20%
Aubergenville
19%
Beaumont-sur-Oise
19%
Claye-Souilly
19%
Combs-la-Ville
19%
Éragny
19%
Louveciennes
19%
Ormesson
19%
Villecresnes
19%
Buc
18%
Chevreuse
18%
Croissy-sur-Seine
18%
Dammarie-les-Lys
18%
Épinay-sur-Orge
18%
Maurepas
18%
Montereau-Fault-Yonne
18%
Montmagny
18%
Morangis
18%
Morsang-sur-Orge
18%
Ozoir-la-Ferrière
18%
Paray-Vieille-Poste
18%
Us
18%
Auteuil
17%
Avon
17%
Bailly
17%
Bois-d'Arcy
17%
Chambourcy
17%
Crosne
17%
Émerainville
17%
Le Mée-sur-Seine
17%
Lieusaint
17%
Noiseau
17%
Noisy-le-Roi
17%
Rosny-sur-Seine
17%
Saint-Leu-la-Forêt
17%
Soisy-sous-Montmorency
17%
Vaires-sur-Marne
17%
Vernouillet
17%
Carrières-sous-Poissy
16%
Dammartin-en-Goële
16%
Esbly
16%
La Ferté-sous-Jouarre
16%
Moissy-Cramayel
16%
Montesson
16%
Pierrelaye
16%
Saint-Nom-la-Bretèche
16%
Saint-Prix
16%
Santeny
16%
Serris
16%
Tournan-en-Brie
16%
Villebon-sur-Yvette
16%
Bois-le-Roi
15%
Bondoufle
15%
Boussy-Saint-Antoine
15%
Écouen
15%
Épinay-sous-Sénart
15%
Fosses
15%
Houdan
15%
Mareil-Marly
15%
Marolles-en-Brie
15%
Montigny-lès-Cormeilles
15%
Ormesson-sur-Marne
15%
Quincy-sous-Sénart
15%
Vert
15%
Andrésy
14%
Beauchamp
14%
Chanteloup-les-Vignes
14%
Domont
14%
Gretz-Armainvilliers
14%
La Ferté-Gaucher
14%
Les Clayes-sous-Bois
14%
Limay
14%
Linas
14%
Luzarches
14%
Magny-en-Vexin
14%
Mandres-les-Roses
14%
Mennecy
14%
Méry-sur-Oise
14%
Montlhéry
14%
Orgeval
14%
Survilliers
14%
Thorigny-sur-Marne
14%
Vauréal
14%
Verneuil-sur-Seine
14%
Angerville
13%
Barbizon
13%
Champlan
13%
Coignières
13%
Courtry
13%
Groslay
13%
Jouy-le-Moutier
13%
La Frette-sur-Seine
13%
Le Plessis-Bouchard
13%
Le Port-Marly
13%
Les Essarts-le-Roi
13%
Limours
13%
Méré
13%
Nangis
13%
Neuville-sur-Oise
13%
Périgny
13%
Saint-Arnoult-en-Yvelines
13%
Trilport
13%
Vauhallan
13%
Voisins-le-Bretonneux
13%
Châteaufort
12%
Courdimanche
12%
Fontenay-le-Fleury
12%
La Verrière
12%
Le Mesnil-Amelot
12%
Le Perray-en-Yvelines
12%
Les Loges-en-Josas
12%
L'Étang-la-Ville
12%
Magny-les-Hameaux
12%
Maurecourt
12%
Milly-la-Forêt
12%
Neauphle-le-Château
12%
Saint-Aubin
12%
Saint-Witz
12%
Valmondois
12%
Villabé
12%
Villepreux
12%
Bessancourt
11%
Bonneuil-en-France
11%
Collégien
11%
Épône
11%
Ézanville
11%
Flins-sur-Seine
11%
Frépillon
11%
Issou
11%
Jouars-Pontchartrain
11%
La Ferté-Alais
11%
Le Mesnil-le-Roi
11%
Magny-le-Hongre
11%
Marcoussis
11%
Montévrain
11%
Nandy
11%
Porcheville
11%
Saint-Brice-sous-Forêt
11%
Saint-Germain-lès-Arpajon
11%
Thoiry
11%
Triel-sur-Seine
11%
Viarmes
11%
Ablis
10%
Beynes
10%
Bouffémont
10%
Bussy-Saint-Martin
10%
Cesson
10%
Chamarande
10%
Chars
10%
Compans
10%
Étréchy
10%
Hardricourt
10%
Jouarre
10%
Le Pin
10%
Lizy-sur-Ourcq
10%
Maule
10%
Mézières-sur-Seine
10%
Montfort-l'Amaury
10%
Montsoult
10%
Nanteuil-lès-Meaux
10%
Presles
10%
Seugy
10%
Vaud'herland
10%
Vaux-sur-Seine
10%
Villemoisson-sur-Orge
10%
Villiers-Saint-Frédéric
10%
Aigremont
9%
Andilly
9%
Annet-sur-Marne
9%
Asnières-sur-Oise
9%
Attainville
9%
Bonnières-sur-Seine
9%
Breuillet
9%
Briis-sous-Forges
9%
Bruyères-sur-Oise
9%
Cernay-la-ville
9%
Champagne-sur-Oise
9%
Château-Landon
9%
Coupvray
9%
Croissy-Beaubourg
9%
Étiolles
9%
Gargenville
9%
Gazeran
9%
Guermantes
9%
Juilly
9%
Juziers
9%
Lardy
9%
La Roche-Guyon
9%
La ville-du-Bois
9%
Les Molières
9%
Le Thillay
9%
Maffliers
9%
Margency
9%
Marines
9%
Marolles-en-Hurepoix
9%
Mériel
9%
Meulan-en-Yvelines
9%
Moret-Loing-et-Orvanne
9%
Nantouillet
9%
Parmain
9%
Piscop
9%
Pomponne
9%
Saint-Mard
9%
Servon
9%
Soisy-sur-Seine
9%
Souppes-sur-Loing
9%
Toussus-le-Noble
9%
Varennes-Jarcy
9%
Vaux-le-Pénil
9%
Villennes-sur-Seine
9%
Villiers-sur-Orge
9%
Wy-dit-Joli-Village
9%
Ableiges
8%
Angervilliers
8%
Ballainvilliers
8%
Bruyères-le-Châtel
8%
Clairefontaine-en-Yvelines
8%
Égly
8%
Forges
8%
Lésigny
8%
Longpont-sur-Orge
8%
Longueville
8%
Maisse
8%
Mauregard
8%
Montlignon
8%
Moussy
8%
Neauphle-le-Vieux
8%
Nozay
8%
Poigny
8%
Saint-Chéron
8%
Saint-Fargeau-Ponthierry
8%
Santeuil
8%
Tacoignières
8%
Thieux
8%
Thiverval-Grignon
8%
Thomery
8%
Tigery
8%
Vigny
8%
Villejust
8%
Allainville
7%
Auffargis
7%
Ballancourt-sur-Essonne
7%
Belloy-en-France
7%
Boissy-l'Aillerie
7%
Bouafle
7%
Bourron-Marlotte
7%
Bréval
7%
Brou-sur-Chantereine
7%
Buchelay
7%
Butry-sur-Oise
7%
Coutevroult
7%
Dampierre-en-Yvelines
7%
Dampmart
7%
Faremoutiers
7%
Feucherolles
7%
Fontenay-Trésigny
7%
Gironville
7%
Gometz-la-Ville
7%
Gometz-le-Châtel
7%
Héricy
7%
Janvry
7%
La Falaise
7%
La Norville
7%
Le Coudray-Montceaux
7%
Le Mesnil-Saint-Denis
7%
Le Plessis-Pâte
7%
Lisses
7%
Mareil-sur-Mauldre
7%
Menucourt
7%
Méréville
7%
Milon-la-Chapelle
7%
Moisselles
7%
Montry
7%
Mormant
7%
Moussy-le-Vieux
7%
Nézel
7%
Noisy-sur-École
7%
Othis
7%
Pecqueuse
7%
Pommeuse
7%
Puiseux-Pontoise
7%
Rennemoulin
7%
Sagy
7%
Saint-Clair-sur-Epte
7%
Saint-Gervais
7%
Saint-Mammès
7%
Saint-Thibault-des-Vignes
7%
Saulx-les-Chartreux
7%
Vémars
7%
Vert-le-Grand
7%
Vert-le-Petit
7%
Villiers-Adam
7%
Villiers-le-Bâcle
7%
Villiers-sur-Seine
7%
Achères-la-Forêt
6%
Aincourt
6%
Arthies
6%
Aulnay-sur-Mauldre
6%
Avernes
6%
Bailly-Romainvilliers
6%
Bazemont
6%
Béhoust
6%
Bellefontaine
6%
Bernes-sur-Oise
6%
Berville
6%
Blaru
6%
Boigneville
6%
Boissise-le-Roi
6%
Bouray-sur-Juine
6%
Buno-Bonnevaux
6%
Carnetin
6%
Champagne-sur-Seine
6%
Chartrettes
6%
Chaumontel
6%
Coubert
6%
Couilly-Pont-aux-Dames
6%
Courcelles-sur-Viosne
6%
Crouy-sur-Ourcq
6%
Ecquevilly
6%
Ennery
6%
Épiais-lès-Louvres
6%
Évecquemont
6%
Évry-Grégy-sur-Yerre
6%
Férolles-Attilly
6%
Garancières
6%
Gouvernes
6%
Gressy
6%
Grisy-les-Plâtres
6%
Jablines
6%
La Celle-les-Bordes
6%
Le Perchay
6%
Livry-sur-Seine
6%
Longuesse
6%
Magnanville
6%
Medan
6%
Montgeroult
6%
Montigny-sur-Loing
6%
Montreuil-sur-Epte
6%
Morainvilliers
6%
Mortcerf
6%
Mours
6%
Moussy-le-Neuf
6%
Neauphlette
6%
Nointel
6%
Pringy
6%
Quincy-Voisins
6%
Réau
6%
Richebourg
6%
Saâcy-sur-Marne
6%
Saint-Forget
6%
Saint-Lambert
6%
Saint-Martin-du-Tertre
6%
Saint-Pierre-du-Perray
6%
Saint-Pierre-lès-Nemours
6%
Samoreau
6%
Seine-Port
6%
Senlisse
6%
Sermaise
6%
Sonchamp
6%
Verneuil-l'Étang
6%
Vert-Saint-Denis
6%
Vieille-Église-en-Yvelines
6%
Villeron
6%
Villevaudé
6%
Amenucourt
5%
Armentières-en-Brie
5%
Baby
5%
Baillet-en-France
5%
Blandy
5%
Boisemont
5%
Boullay-les-Troux
5%
Bouqueval
5%
Boutigny
5%
Bray-et-Lû
5%
Bray-sur-Seine
5%
Chalo-Saint-Mars
5%
Chapet
5%
Chennevières-lès-Louvres
5%
Chérence
5%
Choisel
5%
Crégy-lès-Meaux
5%
Dannemarie
5%
Donnemarie-Dontilly
5%
Émancé
5%
Fontaine-le-Port
5%
Fontenay-lès-Briis
5%
Forges-les-Bains
5%
Grez-sur-Loing
5%
Guérard
5%
Haravilliers
5%
Hermé
5%
Jossigny
5%
La Grande-Paroisse
5%
La Rochette
5%
Le Heaulme
5%
Le Mesnil-Aubry
5%
Limetz-Villez
5%
Mareuil-lès-Meaux
5%
Marles-en-Brie
5%
Maulette
5%
Messy
5%
Moisson
5%
Mouroux
5%
Nanteuil-sur-Marne
5%
Notre-Dame-de-la-Mer
5%
Ollainville
5%
Orgerus
5%
Ormoy
5%
Orphin
5%
Pontcarré
5%
Précy-sur-Marne
5%
Prunay-en-Yvelines
5%
Rochefort-en-Yvelines
5%
Sainte-Colombe
5%
Saint-Germain-lès-Corbeil
5%
Saint-Germain-sur-Morin
5%
Saint-Jean-de-Beauregard
5%
Saint-Léger
5%
Villiers-le-Sec
5%
Villiers-sur-Morin
5%
Vulaines-sur-Seine
5%
Abbéville-la-Rivière
4%
Ambleville
4%
Andelu
4%
Arbonne-la-Forêt
4%
Arnouville-lès-Mantes
4%
Autouillet
4%
Bagneaux-sur-Loing
4%
Banthelu
4%
Bazoches-sur-Guyonne
4%
Beaumont-du-Gâtinais
4%
Béthemont-la-Forêt
4%
Beton-Bazoches
4%
Boissy-le-Châtel
4%
Boissy-sous-Saint-Yon
4%
Bourdonné
4%
Breuil-Bois-Robert
4%
Buhy
4%
Bullion
4%
Cannes-Écluse
4%
Chailly-en-Bière
4%
Chalifert
4%
Champmotteux
4%
Chanteloup-en-Brie
4%
Charmont
4%
Chaussy
4%
Chevry-Cossigny
4%
Conches-sur-Gondoire
4%
Condécourt
4%
Condé-Sainte-Libiaire
4%
Coulommes
4%
Crespières
4%
Dannemois
4%
Davron
4%
Épinay-Champlâtreux
4%
Faÿ-lès-Nemours
4%
Féricy
4%
Ferrières-en-Brie
4%
Flins-Neuve-Église
4%
Follainville-Dennemont
4%
Fontenay-en-Parisis
4%
Fontenay-le-Vicomte
4%
Fontenay-Saint-Père
4%
Frouville
4%
Gambais
4%
Gambaiseuil
4%
Gironville-sur-Essonne
4%
Gouzangrez
4%
Guerville
4%
Guiry-en-Vexin
4%
Haute-Isle
4%
Hédouville
4%
Isles-les-Meldeuses
4%
Itteville
4%
Iverny
4%
Jouy-sur-Morin
4%
Jumeauville
4%
La Boissière-École
4%
La Celle-sur-Morin
4%
La Chapelle-en-Vexin
4%
La Queue-lez-Yvelines
4%
Lassy
4%
La Tombe
4%
Le Plessis-Luzarches
4%
Les Alluets-le-Roi
4%
Leuville-sur-Orge
4%
Lévis-Saint-Nom
4%
Longperrier
4%
Longvilliers
4%
Marcq
4%
Marly-la-ville
4%
Morsang-sur-Seine
4%
Noisy-sur-Oise
4%
Omerville
4%
Orsonville
4%
Osmoy
4%
Ozouer-le-Voulgis
4%
Pierre-Levée
4%
Rampillon
4%
Rebais
4%
Roinville
4%
Rosay
4%
Rozay-en-Brie
4%
Saint-Germain-de-la-Grange
4%
Saint-Germain-Laval
4%
Saint-Mesmes
4%
Saint-Pathus
4%
Saint-Rémy-l'Honoré
4%
Saint-Soupplets
4%
Seraincourt
4%
Soisy-sur-École
4%
Tessancourt-sur-Aubette
4%
Théméricourt
4%
Tilly
4%
Trilbardou
4%
Ury
4%
Vallangoujard
4%
Vaugrigneuse
4%
Vernou-la-Celle-sur-Seine
4%
Vicq
4%
Villeneuve-le-Comte
4%
Yèbles
4%
Amillis
3%
Arrancourt
3%
Arronville
3%
Aubepierre-Ozouer-le-Repos
3%
Auffreville-Brasseuil
3%
Aulnoy
3%
Authon-la-Plaine
3%
Avrainville
3%
Bazoches-lès-Bray
3%
Bennecourt
3%
Boinville-le-Gaillard
3%
Boisdon
3%
Boissettes
3%
Boissise-la-Bertrand
3%
Boissy-le-Cutté
3%
Boissy-sans-Avoir
3%
Bombon
3%
Bonnelles
3%
Bouleurs
3%
Boutigny-sur-Essonne
3%
Bransles
3%
Bréançon
3%
Cerny
3%
Chailly-en-Brie
3%
Chalou-Moulineux
3%
Changis-sur-Marne
3%
Chauconin-Neufmontiers
3%
Chauffour-lès-Étréchy
3%
Chauffry
3%
Chavenay
3%
Citry
3%
Cocherel
3%
Commeny
3%
Condé-sur-Vesgre
3%
Congis-sur-Thérouanne
3%
Cormeilles-en-Vexin
3%
Courdimanche-sur-Essonne
3%
Courgent
3%
Crèvecœur-en-Brie
3%
Cuisy
3%
Dhuisy
3%
Doue
3%
Drocourt
3%
Écharcon
3%
Épiais-Rhus
3%
Étrépilly
3%
Favières
3%
Favrieux
3%
Flacourt
3%
Fleury-en-Bière
3%
Fontenay-Mauvoisin
3%
Frémainville
3%
Freneuse
3%
Fresnes-sur-Marne
3%
Fretoy
3%
Génicourt
3%
Gommecourt
3%
Grandpuits-Bailly-Carrois
3%
Gravon
3%
Grisy-Suisnes
3%
Grosrouvre
3%
Guignes
3%
Herbeville
3%
Hermeray
3%
Hodent
3%
Ichy
3%
Isles-lès-Villenoy
3%
Jambville
3%
Jouy-le-Châtel
3%
Labbeville
3%
La Chapelle-Gauthier
3%
La Chapelle-la-Reine
3%
La Chapelle-Rablais
3%
La Haute-Maison
3%
Le Plessis-aux-Bois
3%
Le Plessis-Gassot
3%
Le Plessis-l'Évêque
3%
Les Bréviaires
3%
Lesches
3%
Les Mesnuls
3%
Le Tartre-Gaudran
3%
Le Val-Saint-Germain
3%
Limoges-Fourches
3%
Lissy
3%
Livilliers
3%
Longnes
3%
Lumigny-Nesles-Ormeaux
3%
Maincy
3%
Marchémoret
3%
Marolles-sur-Seine
3%
Maudétour-en-Vexin
3%
Mauperthuis
3%
May-en-Multien
3%
Mérobert
3%
Mézy-sur-Seine
3%
Mittainville
3%
Monnerville
3%
Montereau-sur-le-Jard
3%
Montgé-en-Goële
3%
Morigny-Champigny
3%
Mulcent
3%
Oissery
3%
Oncy-sur-École
3%
Orcemont
3%
Paray-Douaville
3%
Perdreauville
3%
Perthes
3%
Poigny-la-Forêt
3%
Poincy
3%
Presles-en-Brie
3%
Prunay-sur-Essonne
3%
Puiseux-en-France
3%
Raizeux
3%
Rolleboise
3%
Rouvres
3%
Rubelles
3%
Saclas
3%
Saint-Cyr-en-Arthies
3%
Saint-Cyr-sous-Dourdan
3%
Saint-Cyr-sur-Morin
3%
Sainte-Mesme
3%
Saint-Escobille
3%
Saint-Fiacre
3%
Saint-Germain-Laxis
3%
Saint-Hilarion
3%
Saint-Illiers-la-ville
3%
Saint-Illiers-le-Bois
3%
Saint-Jean-les-Deux-Jumeaux
3%
Saint-Léger-en-Yvelines
3%
Saint-Martin-des-Champs
3%
Saint-Méry
3%
Saint-Rémy-la-Vanne
3%
Saintry-sur-Seine
3%
Saint-Siméon
3%
Saint-Vrain
3%
Saint-Yon
3%
Sammeron
3%
Samois-sur-Seine
3%
Septeuil
3%
Sept-Sorts
3%
Signy-Signets
3%
Soindres
3%
Theuville
3%
Vendrest
3%
Vienne-en-Arthies
3%
Villaines-sous-Bois
3%
Villeneuve-sous-Dammartin
3%
Villenoy
3%
Villers-en-Arthies
3%
Villette
3%
Vinantes
3%
Voinsles
3%
Adainville
2%
Amponville
2%
Arville
2%
Aufferville
2%
Balloy
2%
Bannost-Villegagnon
2%
Bazainville
2%
Bernay-Vilbert
2%
Boinvilliers
2%
Boissy-Mauvoisin
2%
Bréau
2%
Breux-Jouy
2%
Brignancourt
2%
Buthiers
2%
Cély
2%
Chalautre-la-Grande
2%
Chalautre-la-Petite
2%
Chambry
2%
Chamigny
2%
Champdeuil
2%
Chateaubleau
2%
Châtenay-sur-Seine
2%
Châtillon-la-Borde
2%
Châtres
2%
Chauvry
2%
Chenoise-Cucharmoy
2%
Cheptainville
2%
Chevru
2%
Cléry-en-Vexin
2%
Congerville-Thionville
2%
Corbreuse
2%
Courances
2%
Courpalay
2%
Courquetaine
2%
Courtacon
2%
Courtomer
2%
Cravent
2%
D'Huison-Longueville
2%
Douy-la-Ramée
2%
Égligny
2%
Égreville
2%
Flexanville
2%
Fontaine-Fourches
2%
Fontains
2%
Fontenailles
2%
Forfry
2%
Fouju
2%
Frémécourt
2%
Fublaines
2%
Gaillon-sur-Montcient
2%
Galluis
2%
Goussonville
2%
Gressey
2%
Guernes
2%
Guillerval
2%
Hérouville-en-Vexin
2%
Jagny-sous-Bois
2%
Jouy-Mauvoisin
2%
La Chapelle-Iger
2%
La Houssaye-en-Brie
2%
Laval-en-Brie
2%
Le Châtelet-en-Brie
2%
Le Plessis-Feu-Aussoux
2%
Les Chapelles-Bourbon
2%
Les Granges-le-Roi
2%
Les Ormes-sur-Voulzie
2%
Le Tremblay-sur-Mauldre
2%
Leudeville
2%
Liverdy-en-Brie
2%
Lommoye
2%
Lorrez-le-Bocage-Préaux
2%
Louan-Villegruis-Fontaine
2%
Luzancy
2%
Maison-Rouge
2%
Mareil-en-France
2%
Mareil-le-Guyon
2%
Meigneux
2%
Ménerville
2%
Méricourt
2%
Misy-sur-Yonne
2%
Mondreville
2%
Montainville
2%
Montalet-le-Bois
2%
Montdauphin
2%
Montenils
2%
Monthyon
2%
Mousseaux-lès-Bray
2%
Mousseaux-sur-Seine
2%
Nerville-la-Forêt
2%
Nesles-la-Vallée
2%
Nonville
2%
Nucourt
2%
Oinville-sur-Montcient
2%
Orly-sur-Morin
2%
Ormoy-la-Rivière
2%
Paroy
2%
Passy-sur-Seine
2%
Penchard
2%
Ponthévrard
2%
Prunay-le-Temple
2%
Pussay
2%
Richarville
2%
Roinvilliers
2%
Ronquerolles
2%
Saint-Augustin
2%
Saint-Cyr-la-Rivière
2%
Saint-Denis-lès-Rebais
2%
Saint-Hilaire
2%
Saint-Hilliers
2%
Saint-Martin-de-Bréthencourt
2%
Saint-Ouen-en-Brie
2%
Saint-Ouen-sur-Morin
2%
Saint-Sauveur-sur-École
2%
Saulx-Marchais
2%
Sivry-Courtry
2%
Sourdun
2%
Tancrou
2%
Trocy-en-Multien
2%
Ussy-sur-Marne
2%
Valpuiseaux
2%
Vanvillé
2%
Varennes-sur-Seine
2%
Varreddes
2%
Vaucourtois
2%
Vétheuil
2%
Vignely
2%
Villenauxe-la-Petite
2%
Villeneuve-Saint-Denis
2%
Villiers-en-Bière
2%
Villiers-le-Mahieu
2%
Villiers-Saint-Georges
2%
Vincy-Manœuvre
2%
Voulangis
2%
Vulaines-lès-Provins
2%
Andrezel
1%
Argentières
1%
Augers-en-Brie
1%
Auvers-Saint-Georges
1%
Barbey
1%
Barcy
1%
Bassevelle
1%
Baulne
1%
Beauchery-Saint-Martin
1%
Beautheil-Saints
1%
Beauvoir
1%
Bellot
1%
Bezalles
1%
Boinville-en-Mantois
1%
Bois-Herpin
1%
Boissets
1%
Boissy-la-Rivière
1%
Boissy-le-Sec
1%
Boitron
1%
Bougligny
1%
Boutervilliers
1%
Bouville
1%
Brières-les-Scellés
1%
Brouy
1%
Brueil-en-Vexin
1%
Bussières
1%
Chaintreaux
1%
Chalmaison
1%
Champcenest
1%
Champcueil
1%
Champeaux
1%
Charmentray
1%
Charny
1%
Chartronges
1%
Châtenay-en-France
1%
Châtenoy
1%
Chatignonville
1%
Chaufour-lès-Bonnières
1%
Chaumes-en-Brie
1%
Chevannes
1%
Chevrainvilliers
1%
Choisy-en-Brie
1%
Civry-la-Forêt
1%
Clos-Fontaine
1%
Coulombs-en-Valois
1%
Courchamp
1%
Courson-Monteloup
1%
Coutençon
1%
Crisenoy
1%
Dagny
1%
Dammartin-en-Serve
1%
Dammartin-sur-Tigeaux
1%
Darvault
1%
Diant
1%
Dormelles
1%
Échouboulains
1%
Esmans
1%
Everly
1%
Flagy
1%
Fontaine-la-Rivière
1%
Fromont
1%
Garentreville
1%
Gastins
1%
Genainville
1%
Germigny-l'Évêque
1%
Germigny-sous-Coulombs
1%
Gesvres-le-Chapitre
1%
Giremoutiers
1%
Goupillières
1%
Grandchamp
1%
Grisy-sur-Seine
1%
Guercheville
1%
Guibeville
1%
Guitrancourt
1%
Gurcy-le-Châtel
1%
Hargeville
1%
Hautefeuille
1%
Hondevilliers
1%
Jaignes
1%
Janville-sur-Juine
1%
Jutigny
1%
La Brosse-Montceaux
1%
La Chapelle-Moutils
1%
La Chapelle-Saint-Sulpice
1%
La Croix-en-Brie
1%
La Forêt-le-Roi
1%
La Forêt-Sainte-Croix
1%
La Genevraye
1%
La Hauteville
1%
Lainville-en-Vexin
1%
Larchant
1%
La Trétoire
1%
La Villeneuve-en-Chevrie
1%
Le Bellay-en-Vexin
1%
Le Plessis-Placy
1%
Lescherolles
1%
Les Écrennes
1%
Les Marets
1%
Le Tertre-Saint-Denis
1%
Leudon-en-Brie
1%
Le Vaudoué
1%
Luisetaines
1%
Machault
1%
Maisoncelles-en-Brie
1%
Maisoncelles-en-Gâtinais
1%
Marcilly
1%
Marolles-en-Beauce
1%
Mary-sur-Marne
1%
Meilleray
1%
Melz-sur-Seine
1%
Menouville
1%
Méry-sur-Marne
1%
Mespuits
1%
Millemont
1%
Moigny-sur-École
1%
Moisenay
1%
Mondeville
1%
Montceaux-lès-Meaux
1%
Montceaux-lès-Provins
1%
Montchauvet
1%
Montigny-Lencoup
1%
Montmachoux
1%
Montolivet
1%
Mortery
1%
Mouy-sur-Seine
1%
Nanteau-sur-Lunain
1%
Neufmoutiers-en-Brie
1%
Neuilly-en-Vexin
1%
Noisy-Rudignon
1%
Obsonville
1%
Ocquerre
1%
Orvilliers
1%
Paley
1%
Pamfou
1%
Pécy
1%
Pézarches
1%
Poligny
1%
Puiselet-le-Marais
1%
Puisieux
1%
Quiers
1%
Recloses
1%
Reuil-en-Brie
1%
Rouilly
1%
Rumont
1%
Rupéreux
1%
Sablonnières
1%
Sailly
1%
Saint-Barthelemy
1%
Sainte-Aulde
1%
Saint-Germain-sous-Doue
1%
Saint-Loup-de-Naud
1%
Saint-Mars-Vieux-Maisons
1%
Saint-Martin-la-Garenne
1%
Saint-Maurice-Montcouronne
1%
Saint-Sauveur-lès-Bray
1%
Saint-Sulpice-de-Favières
1%
Sancy
1%
Soignolles-en-Brie
1%
Souzy-la-Briche
1%
Tigeaux
1%
Touquin
1%
Tousson
1%
Vaudoy-en-Brie
1%
Verdelot
1%
Videlles
1%
Villecerf
1%
Villeconin
1%
Villemaréchal
1%
Villemareuil
1%
Villemer
1%
Villeroy
1%
Villiers-sous-Grez
1%
Villuis
1%
Vimpelles
1%
Voisenon
1%
Auvernaux
0%
Blennes
0%
Boissy-aux-Cailles
0%
Boulancourt
0%
Burcy
0%
Cerneux
0%
Cessoy-en-Montois
0%
Chenou
0%
Chevry-en-Sereine
0%
Courcelles-en-Bassée
0%
Gouaix
0%
Guigneville-sur-Essonne
0%
Jaulnes
0%
La Madeleine-sur-Loing
0%
Léchelle
0%
Lizines
0%
Mauchamps
0%
Mons-en-Montois
0%
Montcourt-Fromonville
0%
Montigny-le-Guesdier
0%
Nainville-les-Roches
0%
Nanteau-sur-Essonne
0%
Noyen-sur-Seine
0%
Orveau
0%
Plessis-Saint-Benoist
0%
Remauville
0%
Saint-Germain-sur-École
0%
Saint-Just-en-Brie
0%
Saint-Martin-du-Boschet
0%
Saint-Martin-en-Bière
0%
Salins
0%
Sancy-lès-Provins
0%
Savins
0%
Sigy
0%
Sognolles-en-Montois
0%
Soisy-Bouy
0%
Solers
0%
Thénisy
0%
Thoury-Férottes
0%
Torfou
0%
Treuzy-Levelay
0%
Valence-en-Brie
0%
Vaux-sur-Lunain
0%
Vayres-sur-Essonne
0%
Vieux-Champagne
0%
Villebéon
0%
Villeneuve-les-Bordes
0%
Villeneuve-sur-Auvers
0%
Villeneuve-sur-Bellot
0%
Ville-Saint-Jacques
0%
Voulton
0%
Voulx
0%
Aucun quiz correspondant
Distribution des résultats
% des personnes avec chaque résultat
Percentile par nombre de réponses
Votre historique - résultats
Vous n’avez pas pris ce quiz